书目信息 |
| 题名: |
中国工程造价咨询行业发展报告
|
|
| 作者: | 吴佐民 主编 ;中国建设工程造价管理协会 主编 | |
| 分册: | ||
| 出版信息: | 北京 中国建筑工业出版社 2016.03 |
|
| 页数: | 208页 | |
| 开本: | 24cm | |
| 丛书名: | ||
| 单 册: | ||
| 中图分类: | TU723.32 | |
| 科图分类: | ||
| 主题词: | 工程造价--gong cheng zao jia--咨询业--研究报告--中国--2015 | |
| 电子资源: | ||
| ISBN: | 978-7-112-19049-2 | |
| 000 | 01287nam0 2200301 450 | |
| 001 | CA2016000890 | |
| 005 | 20201118153137.91 | |
| 010 | @a978-7-112-19049-2@dCNY75.00 | |
| 100 | @a20160421d2016 em y0chiy50 ea | |
| 101 | 0 | @achi |
| 102 | @aCN@b110000 | |
| 105 | @aak z 000yy | |
| 106 | @ar | |
| 200 | 1 | @a中国工程造价咨询行业发展报告@Azhong guo gong cheng zao jia zi xun hang ye fa zhan bao gao@e2015版@f中国建设工程造价管理协会主编@Fzhong guo jian she gong cheng zao jia guan li xie hui zhu bian |
| 210 | @a北京@c中国建筑工业出版社@d2016.03 | |
| 215 | @a208页@c图@d24cm | |
| 312 | @a英文题名取自封面 | |
| 314 | @a书内题: 吴佐民主编 | |
| 330 | @a本书结合工程造价咨询行业的发展现状和历史沿革, 分析了行业发展环境, 列举了行业发展的政策及技术标准, 进行了行业结构分析和影响行业发展主要因素分析, 提出行业发展趋势。 | |
| 510 | 1 | @aChina engineering cost consulting industry development report@zeng |
| 540 | @a中国工程造价咨询行业发展报告 | |
| 606 | 0 | @a工程造价@Agong cheng zao jia@x咨询业@x研究报告@y中国@z2015 |
| 690 | @aTU723.32@v5 | |
| 701 | 0 | @a吴佐民@Awu zuo min@4主编 |
| 711 | 02 | @a中国建设工程造价管理协会@Azhong guo jian she gong cheng zao jia guan li xie hui@4主编 |
| 801 | @aCN | |
| 901 | @a20 | |
| 905 | @a河南城建学院图书馆@b1293123-5@dTU723.32@eZ909@f3 | |
| 中国工程造价咨询行业发展报告:2015版/中国建设工程造价管理协会主编.-北京:中国建筑工业出版社,2016.03 |
| 208页:图;24cm |
| ISBN 978-7-112-19049-2:CNY75.00 |
| 本书结合工程造价咨询行业的发展现状和历史沿革, 分析了行业发展环境, 列举了行业发展的政策及技术标准, 进行了行业结构分析和影响行业发展主要因素分析, 提出行业发展趋势。 |
| ● |
| 相关链接 |
|
|
|
正题名:中国工程造价咨询行业发展报告
索取号:TU723.32/Z909
 
预约/预借
| 序号 | 登录号 | 条形码 | 馆藏地/架位号 | 状态 | 备注 |
| 1 | 1293123 | 212931239 | 建筑库201/201建筑库 106排9列4层/ [索取号:TU723.32/Z909] | 在馆 | |
| 2 | 1293124 | 212931246 | 建筑库201/201建筑库 106排9列4层/ [索取号:TU723.32/Z909] | 在馆 | |
| 3 | 1293125 | 212931253 | 建筑库201/201建筑库 106排9列4层/ [索取号:TU723.32/Z909] | 在馆 |